| 000 | 00435nam a2200169 a 4500 | ||
|---|---|---|---|
| 001 | 5161 | ||
| 003 | CO-ViMGA | ||
| 008 | 141112s2004 ck r 000 u spa d | ||
| 040 |
_aCO-ViMGA _bspa _cCO-ViMGA |
||
| 082 | 0 | 4 | _a155.2 M158 |
| 245 | 1 | 0 | _aManual de la psicología de la personalidad |
| 260 |
_aBarcelona : _bPaidós, _c1996 |
||
| 300 | _a2 v | ||
| 500 | _aEn colección v.2. | ||
| 650 | 1 | 4 |
_aPERSONALIDAD _95161 |
| 942 |
_2ddc _cBK |
||
| 999 |
_c17162 _d17162 |
||